000 00700nam a2200229Ia 4500
003 OSt
005 20220927105222.0
006 a|||||r|||| 00| 0
007 ta
008 220926b |||||||| |||| 00| 0 eng d
024 _a188207
037 _cReference Collections
040 _aRTL
_cRTL
_beng
041 _2eng
_aeng
082 _a"XxL72:g, M9/SC"
100 _aMORISHIMA Michio
_9371101
245 0 _aRicardo's economics
_b A general equilibruim theory of distribution and growth
260 _aCambridge
_bCambridge University press
_c1989
300 _a"vii, 254p"
_ccm.
942 _h"XxL72:g, M9/SC"
_cCC
999 _c691340
_d691340